Principles of Electricity in SI Units (Record no. 1108)

000 -LEADER
fixed length control field 00453nam a2200157 4500
008 - FIXED-LENGTH DATA ELEMENTS--GENERAL INFORMATION
fixed length control field 200109b ||||| |||| 00| 0 eng d
082 00 - DEWEY DECIMAL CLASSIFICATION NUMBER
Classification number 621.3
Item number M8641
100 ## - MAIN ENTRY--PERSONAL NAME
Personal name Morley, Arthur.
9 (RLIN) 116
245 10 - TITLE STATEMENT
Title Principles of Electricity in SI Units
250 ## - EDITION STATEMENT
Edition statement 3rd ed.
260 ## - PUBLICATION, DISTRIBUTION, ETC. (IMPRINT)
Place of publication, distribution, etc London
Name of publisher, distributor, etc English Language Book Society
Date of publication, distribution, etc 1973
300 ## - PHYSICAL DESCRIPTION
Extent xv, 384 p.
650 #0 - SUBJECT ADDED ENTRY--TOPICAL TERM
Topical term or geographic name as entry element Electrical Engineering
700 ## - ADDED ENTRY--PERSONAL NAME
9 (RLIN) 50
Personal name Hughes, Edward
942 ## - ADDED ENTRY ELEMENTS (KOHA)
Source of classification or shelving scheme
Item type Books
Holdings
Withdrawn status Lost status Source of classification or shelving scheme Damaged status Not for loan Permanent location Current location Date acquired Full call number Barcode Date last seen Koha item type
          IMU Kolkata IMU Kolkata 1973-11-17 621.3 M8641 04045 2020-01-09 Books
          IMU Kolkata IMU Kolkata 1973-11-17 621.3 M8641 04046 2020-01-09 Books
Designed and Maintained by IMU-KC Library, Kolkata Campus © Copyright All Rights Reserved

webs counters

Powered by Koha